Pokémon di tipo Ghiaccio - Statistics

Statistiche generali
  • Questo quiz è stato fatto 16 volte
  • Il punteggio medio è 45 su 68
Statistiche sulle risposte
Numero Pokédex Nazionale Tipo Tipo Pokémon % Corretto
144 Ghiaccio Volante Articuno
92%
131 Acqua Ghiaccio Lapras
92%
131 Acqua Ghiaccio Lapras Gigamax
92%
27 Ghiaccio Acciaio Sandshrew (Forma di Alola)
92%
28 Ghiaccio Acciaio Sandslash (Forma di Alola)
92%
364 Ghiaccio Acqua Sealeo
92%
363 Ghiaccio Acqua Spheal
92%
365 Ghiaccio Acqua Walrein
92%
460 Erba Ghiaccio Abomasnow
83%
613 Ghiaccio Ghiaccio Cubchoo
83%
478 Ghiaccio Spettro Froslass
83%
362 Ghiaccio Ghiaccio Glalie
83%
646 Drago Ghiaccio Kyurem (Forma di Kyurem)
83%
646 Drago Ghiaccio Kyurem (Kyurem Bianco)
83%
646 Drago Ghiaccio Kyurem (Kyurem Nero)
83%
460 Erba Ghiaccio MegaAbomasnow
83%
362 Ghiaccio Ghiaccio MegaGlalie
83%
361 Ghiaccio Ghiaccio Snorunt
83%
459 Erba Ghiaccio Snover
83%
493 Ghiaccio Ghiaccio Arceus (Ghiaccio)
75%
614 Ghiaccio Ghiaccio Beartic
75%
91 Acqua Ghiaccio Cloyster
75%
87 Acqua Ghiaccio Dewgong
75%
38 Ghiaccio Folletto Ninetales (Forma di Alola)
75%
479 Elettro Ghiaccio Rotom (Rotom Gelo)
75%
215 Buio Ghiaccio Sneasel
75%
583 Ghiaccio Ghiaccio Vanillish
75%
582 Ghiaccio Ghiaccio Vanillite
75%
37 Ghiaccio Ghiaccio Vulpix (Forma di Alola)
75%
461 Buio Ghiaccio Weavile
75%
713 Ghiaccio Ghiaccio Avalugg
67%
713 Ghiaccio Roccia Avalugg (Forma di Hisui)
67%
615 Ghiaccio Ghiaccio Cryogonal
67%
471 Ghiaccio Ghiaccio Glaceon
67%
124 Ghiaccio Psico Jynx
67%
473 Ghiaccio Terra Mamoswine
67%
122 Ghiaccio Psico Mr. Mime (Forma di Galar)
67%
221 Ghiaccio Terra Piloswine
67%
378 Ghiaccio Ghiaccio Regice
67%
220 Ghiaccio Terra Swinub
67%
584 Ghiaccio Ghiaccio Vanilluxe
67%
698 Roccia Ghiaccio Amaura
58%
699 Roccia Ghiaccio Aurorus
58%
712 Ghiaccio Ghiaccio Bergmite
58%
555 Ghiaccio Ghiaccio Darmanitan (Forma di Galar)
58%
555 Ghiaccio Fuoco Darmanitan (Stato Zen di Galar)
58%
554 Ghiaccio Ghiaccio Darumaka (Forma di Galar)
58%
225 Ghiaccio Volante Delibird
58%
996 Drago Ghiaccio Frigibax
58%
773 Ghiaccio Ghiaccio Silvally (Tipo Ghiaccio)
58%
997 Drago Ghiaccio Arctibax
50%
883 Acqua Ghiaccio Arctovish
50%
881 Elettro Ghiaccio Arctozolt
50%
998 Drago Ghiaccio Baxcalibur
50%
351 Ghiaccio Ghiaccio Castform (Forma Nuvola di Neve)
50%
873 Ghiaccio Coleottero Frosmoth
50%
866 Ghiaccio Psico Mr. Rime
50%
991 Ghiaccio Acqua Saccoferreo
50%
238 Ghiaccio Psico Smoochum
50%
872 Ghiaccio Coleottero Snom
50%
1002 Buio Ghiaccio Chien-Pao
42%
740 Lotta Ghiaccio Crabominable
42%
875 Ghiaccio Ghiaccio Eiscue (Gelofaccia)
42%
875 Ghiaccio Ghiaccio Eiscue (Liquefaccia)
42%
898 Psico Ghiaccio Calyrex (Cavaliere Glaciale)
33%
975 Ghiaccio Ghiaccio Cetitan
33%
974 Ghiaccio Ghiaccio Cetoddle
33%
896 Ghiaccio Ghiaccio Glastrier
33%
Nessun quiz corrispondente trovato
Distribuzione punteggi
Percentuale di utenti per punteggio
Percentile per numero di risposta
I tuoi punteggi nel tempo
Non hai fatto questo quiz